Villes françaises commençant par M - Statistiques

Statistiques générales
  • Ce quiz a été pris 614 fois
  • Le résultat moyen est 5 sur 12
Statistiques - réponses
pop ville % Correct
858 000 Marseille
99%
275 000 Montpellier
85%
118 000 Metz
70%
111 000 Mulhouse
67%
59 000 Montauban
46%
105 000 Montreuil
41%
49 000 Martigues
36%
69 000 Mérignac
28%
54 000 Meaux
25%
49 000 Montrouge
14%
57 000 Mamoudzou
11%
55 000 Maisons-Alfort
8%
Aucun quiz correspondant
Distribution des résultats
% des personnes avec chaque résultat
Percentile par nombre de réponses
Votre historique - résultats
Vous n’avez pas pris ce quiz